00537nam a2200193 a 4500001001300000003000900013005001700022008004100039020001200080082001500092100001800107245005900125260004600184300000800230500003500238505001500273650003700288700001800325nice12345678IN_TiNIC20260116011250.0050524s1963 newa grp 000 0 eng  ac404.200a261.2bTIL aTillich, Paul aChristianity and the Encounter of the World Religions. aNew YorkbColumbia University Pressc1963 a97p aincludes index and biblioraphy2 aIll, Index aChristianity and Other Religions1 aTillich, Paul